[Event "44th Sparkassen Open"]
[Site "Dortmund GER"]
[Date "2016.07.12"]
[Round "4.31"]
[White "Wicht, Juergen"]
[Black "Dyballa, Gerhard"]
[Result "1-0"]
[WhiteTitle "CM"]
[WhiteElo "2221"]
[BlackElo "1966"]
[WhiteFideId "4639197"]
[BlackFideId "4645189"]
[EventDate "2016.07.09"]

1. d4 Nf6 2. c4 e5 3. dxe5 Ng4 4. e3 Nxe5 5. Nh3 Bb4+ 6. Bd2 Bxd2+ 7. Qxd2 O-O
8. Nf4 d6 9. Nc3 Nbc6 10. Be2 Bf5 11. O-O Re8 12. e4 Bg4 13. f3 Bd7 14. Nfd5 a5
15. f4 Ng4 16. f5 Nf6 17. Nxf6+ Qxf6 18. Nd5 Qd4+ 19. Qxd4 Nxd4 20. Bf3 Re5 21.
Nxc7 Rc8 22. Nd5 Rxc4 23. Nb6 Rc7 24. Rfd1 Nxf3+ 25. gxf3 Bc6 26. Rxd6 h6 27.
Rc1 Rce7 28. Rd8+ Re8 29. Rxe8+ Rxe8 30. Rd1 Kf8 31. Nc4 a4 32. Kf2 Ke7 33. Rg1
Kf8 34. Ke3 Rc8 35. Nd6 Rc7 36. Rc1 f6 37. Nb5 Rd7 38. Nd4 Rd6 39. Ne6+ Kf7 40.
Rg1 g5 41. fxg6+ Kg8 42. Nd4 Bd7 43. f4 Rb6 44. b3 axb3 45. axb3 Ra6 46. Rc1 Bc6
47. Nf5 Ra3 48. Rd1 Rxb3+ 49. Kf2 Rb2+ 50. Kg3 Rg2+ 51. Kh3 Rxg6 52. Ne7+ Kf7
53. Nxg6 Kxg6 54. Rd4 Kh5 55. Kg3 Kg6 56. f5+ Kf7 57. Kf4 Ke7 58. Rd3 Be8 59.
Rg3 b5 60. e5 fxe5+ 61. Kxe5 Bf7 62. Ra3 b4 63. Ra7+ Ke8 64. Kf6 Bd5 65. Ra5 Bc6
66. Rc5 Kd7 67. Rc4 b3 68. Rb4 Bd5 69. Kg7 Kd6 70. f6 Kc5 71. Rb8 Kc4 72. f7
Bxf7 73. Kxf7 Kc3 74. Kg6 1-0

[Event "44th Sparkassen Open"]
[Site "Dortmund GER"]
[Date "2016.07.12"]
[Round "4.33"]
[White "Busche, Klaus"]
[Black "Maniocha, Marek"]
[Result "1/2-1/2"]
[WhiteElo "2033"]
[BlackElo "1982"]
[WhiteFideId "24604631"]
[BlackFideId "4636821"]
[EventDate "2016.07.09"]

1. d4 d5 2. Nf3 Nf6 3. c4 c6 4. e3 g6 5. Nc3 a6 6. Bd3 Bg7 7. h3 O-O 8. O-O b5
9. cxd5 cxd5 10. Bd2 Bb7 11. Rc1 Nbd7 12. Re1 Nb6 13. Qe2 b4 14. Nb1 a5 15. Bb5
Ne4 16. a3 Qd6 17. Red1 Rfc8 18. Qe1 Nxd2 19. Nfxd2 e6 20. Nb3 bxa3 21. Nxa3 Nc4
22. Nc5 Nxb2 23. Rd2 Nc4 24. Nxc4 dxc4 25. Nxb7 Qb6 26. Bxc4 Qxb7 27. Rb1 Qe7
28. Ba2 Rcb8 29. Rdb2 Rxb2 30. Rxb2 Qa3 31. Qb1 Bf8 32. g3 Bb4 33. Rc2 1/2-1/2

[Event "44th Sparkassen Open"]
[Site "Dortmund GER"]
[Date "2016.07.13"]
[Round "5.1"]
[White "Ries, Benjamin"]
[Black "Dann, Matthias"]
[Result "0-1"]
[BlackTitle "IM"]
[WhiteElo "2173"]
[BlackElo "2482"]
[WhiteFideId "4663802"]
[BlackFideId "24638056"]
[EventDate "2016.07.09"]

1. d4 Nf6 2. c4 e6 3. Nc3 Bb4 4. e3 b6 5. Ne2 c5 6. a3 Ba5 7. g3 Bb7 8. d5 b5 9.
Bg2 bxc4 10. O-O O-O 11. e4 d6 12. Qa4 Bxc3 13. Nxc3 exd5 14. exd5 Nbd7 15. Qxc4
Re8 16. Bf4 Ne5 17. Qb5 Rb8 18. Qa4 Nd3 19. Qxa7 Nxf4 20. gxf4 Nh5 21. Qa4 Ra8
22. Qd1 Nxf4 23. Qf3 Nxg2 24. Qxg2 Re5 25. Kh1 Qe7 26. Rg1 g6 27. a4 Rb8 28. f4
Re3 29. a5 Ba8 30. a6 Rb6 31. a7 Qb7 32. Qd2 Re7 33. f5 Rxb2 34. Qg5 h6 35. Qg4
g5 36. Qh5 Ree2 37. Rxg5+ hxg5 38. Qxg5+ Kf8 39. Qd8+ Re8 40. Qxd6+ Kg7 41. Qg3+
Kf8 42. Qd6+ Kg7 43. f6+ Kh7 44. Qf4 Qb4 45. Qg3 Bxd5+ 46. Nxd5 Qe4+ 47. Kg1
Rg2+ 48. Qxg2 Qd4+ 49. Kh1 Qxa1+ 0-1

[Event "44th Sparkassen Open"]
[Site "Dortmund GER"]
[Date "2016.07.13"]
[Round "5.2"]
[White "Pap, Misa"]
[Black "Hausrath, Daniel"]
[Result "1-0"]
[WhiteTitle "GM"]
[BlackTitle "GM"]
[WhiteElo "2487"]
[BlackElo "2483"]
[WhiteFideId "921610"]
[BlackFideId "4617495"]
[EventDate "2016.07.09"]

1. e4 c6 2. d4 d5 3. Nd2 dxe4 4. Nxe4 Bf5 5. Ng3 Bg6 6. h4 h6 7. Nh3 Nf6 8. Nf4
Bh7 9. Bc4 e5 10. dxe5 Qa5+ 11. c3 Qxe5+ 12. Nfe2 Bc5 13. b4 Bb6 14. Bf4 Qe7 15.
Bd6 Qd7 16. Nf4 Bc7 17. Qe2+ Kd8 18. Bxc7+ Kxc7 19. Rd1 Qe8 20. Ne6+ fxe6 21.
Qe5+ Kc8 22. Bxe6+ Nbd7 23. O-O Bc2 24. Rd2 Kd8 25. Qd6 Qe7 26. Qxe7+ Kxe7 27.
Re1 Rhd8 28. Rxc2 Kf8 29. Ne4 Nxe4 30. Rxe4 Nf6 31. Re3 Rd1+ 32. Kh2 Re8 33.
Rce2 g6 34. g3 Kg7 35. Kg2 Rd6 36. Bb3 Rxe3 37. Rxe3 Rd7 38. Kf1 Ng4 39. Re4 Nf6
40. Re6 Ng8 41. Ke2 Nf6 42. a4 Ng8 43. a5 a6 44. g4 Ne7 45. f3 Rc7 46. Bc2 Kf7
47. Rd6 Nd5 48. Kd2 Nf4 49. g5 hxg5 50. hxg5 Ke7 51. Rd4 Ne6 52. Rg4 Rd7+ 53.
Ke3 Rd5 54. f4 Nf8 55. Rg1 Rd6 56. Rh1 Kf7 57. Rd1 Re6+ 58. Kf3 Kg7 59. Bb3 Re8
60. Rd3 Rc8 61. Ke4 c5 62. Rd6 Rc7 63. Bd5 Nd7 64. Kd3 cxb4 65. cxb4 1-0

[Event "44th Sparkassen Open"]
[Site "Dortmund GER"]
[Date "2016.07.13"]
[Round "5.3"]
[White "Sorokin, Aleksey"]
[Black "Partzsch, Lukas"]
[Result "1-0"]
[WhiteTitle "FM"]
[WhiteElo "2413"]
[BlackElo "2167"]
[WhiteFideId "24176460"]
[BlackFideId "12934852"]
[EventDate "2016.07.09"]

1. d4 Nf6 2. c4 d6 3. Nf3 Nbd7 4. Nc3 e5 5. g3 Be7 6. Bg2 O-O 7. O-O c6 8. e4 a6
9. a4 a5 10. h3 Qc7 11. Be3 Re8 12. Qc2 Bf8 13. Rfe1 g6 14. Rad1 b6 15. b3 Rb8
16. d5 Bb7 17. Nd2 Nc5 18. dxc6 Bxc6 19. Ndb1 Qb7 20. Bg5 Kg7 21. Na3 h6 22. Bc1
Kh7 23. h4 Rbd8 24. Nab5 Be7 25. Re2 Bf8 26. Bf3 Be7 27. Ree1 Qd7 28. Kg2 Bf8
29. Be3 Qb7 30. Bc1 Qd7 31. Ba3 Bb7 32. h5 gxh5 33. Nd5 Bxd5 34. exd5+ Kh8 35.
Bxc5 bxc5 36. Be4 Nxe4 37. Rxe4 f5 38. Rh4 Qh7 39. Rxh5 e4 40. Qc3+ Bg7 41. Qe3
Rf8 42. Qf4 Rf6 43. Rdh1 Rd7 44. R5h4 Qg6 45. Qd2 Rdf7 46. Rf4 h5 47. Qe2 Bh6
48. Qxh5 Kg7 49. Qh3 Qg5 50. Rh4 Rg6 51. Kf1 Qc1+ 52. Kg2 Qd2 53. Rxh6 Rxh6 54.
Qxh6+ Qxh6 55. Rxh6 Kxh6 56. Nxd6 Rd7 57. Nxf5+ Kg5 58. Ne3 Rb7 59. f4+ exf3+
60. Kxf3 Rxb3 61. Ke4 Kf6 62. g4 Ra3 63. Kf4 Rxa4 64. g5+ Ke7 65. g6 Ra1 66. d6+
Ke6 67. d7 1-0

[Event "44th Sparkassen Open"]
[Site "Dortmund GER"]
[Date "2016.07.13"]
[Round "5.4"]
[White "Schulze, Marc"]
[Black "Zatonskih, V."]
[Result "1/2-1/2"]
[BlackTitle "FM"]
[WhiteElo "2099"]
[BlackElo "2329"]
[WhiteFideId "1271126"]
[BlackFideId "14102161"]
[EventDate "2016.07.09"]

1. d4 e6 2. Bf4 c5 3. e3 Nc6 4. Nf3 Nf6 5. c3 d5 6. Bd3 Bd6 7. Bg3 Bxg3 8. hxg3
Qd6 9. Nbd2 Bd7 10. dxc5 Qxc5 11. e4 dxe4 12. Nxe4 Nxe4 13. Bxe4 Ne5 14. Nxe5
Qxe5 15. Qe2 f5 16. Bd3 Qxe2+ 17. Bxe2 Bc6 18. Bf3 Bxf3 19. gxf3 Rd8 20. f4 Ke7
21. Ke2 h6 22. Rad1 Kf6 23. c4 e5 24. fxe5+ Kxe5 25. Ke3 Rhe8 26. Kf3 Kf6 27. b3
Rxd1 1/2-1/2

[Event "44th Sparkassen Open"]
[Site "Dortmund GER"]
[Date "2016.07.13"]
[Round "5.5"]
[White "Wiebe, Patrick"]
[Black "Pajeken, Wolfgang"]
[Result "1/2-1/2"]
[BlackTitle "FM"]
[WhiteElo "2187"]
[BlackElo "2289"]
[WhiteFideId "4684079"]
[BlackFideId "4622170"]
[EventDate "2016.07.09"]

1. Nf3 d5 2. c4 c6 3. b3 Nf6 4. g3 Bf5 5. Bg2 e6 6. Bb2 Be7 7. d3 h6 8. Nbd2 O-O
9. O-O Nbd7 10. a3 a5 11. Rc1 Bh7 12. Rc2 Ne8 13. Qa1 Bf6 14. Re1 Qe7 15. Bxf6
Nexf6 16. Qb2 Bf5 17. b4 axb4 1/2-1/2

[Event "44th Sparkassen Open"]
[Site "Dortmund GER"]
[Date "2016.07.13"]
[Round "5.6"]
[White "Stein, Robert"]
[Black "Hecht, Carsten"]
[Result "1/2-1/2"]
[WhiteElo "2169"]
[BlackElo "2242"]
[WhiteFideId "12921084"]
[BlackFideId "24693928"]
[EventDate "2016.07.09"]

1. d4 Nf6 2. Nf3 g6 3. g3 Bg7 4. Bg2 O-O 5. O-O d5 6. c4 dxc4 7. Na3 c5 8. Nxc4
Na6 9. dxc5 Nxc5 10. Be3 Nce4 11. Nd4 Bd7 12. Qd3 Rc8 13. Ne5 Nd6 14. Nxd7 Nxd7
15. Nb5 Ne5 1/2-1/2

[Event "44th Sparkassen Open"]
[Site "Dortmund GER"]
[Date "2016.07.13"]
[Round "5.7"]
[White "Mundorf, Johannes"]
[Black "Zolfagharian, Kevin"]
[Result "1-0"]
[WhiteElo "2240"]
[BlackElo "2130"]
[WhiteFideId "24672491"]
[BlackFideId "12933570"]
[EventDate "2016.07.09"]

1. Nf3 d5 2. d4 Nf6 3. c4 e6 4. cxd5 exd5 5. Nc3 Be7 6. Bg5 Nbd7 7. e3 O-O 8.
Bd3 Re8 9. O-O b6 10. Bb5 Bb7 11. Ne5 Nxe5 12. Bxe8 Nxe8 13. Bxe7 Qxe7 14. dxe5
Qxe5 15. Qf3 Rd8 16. Rfd1 c5 17. Rd2 f5 18. Rad1 Nf6 19. Qg3 Qe7 20. Qh4 Bc6 21.
a3 Qe5 22. Qg3 Qxg3 23. hxg3 Kf7 24. f3 Ke6 25. Ne2 g6 26. Kf2 Rd7 27. Rh1 Bb5
28. Rh4 Bxe2 29. Kxe2 h5 30. Kd3 Ke5 31. Rd1 Rc7 32. Kc3 a6 33. Rd2 Rd7 34. Rd1
Rc7 35. Kd3 Rd7 36. Rc1 Re7 37. Re1 Rd7 38. Re2 Rd8 39. b3 Rd7 40. Kd2 Rd8 41.
Rh1 Rd7 42. Rc1 Ke6 43. Ke1 Ke5 44. Kf2 Ke6 45. Kg1 Ke7 46. Kh2 Kf8 47. Kh3 Kg7
48. Rd1 Kh7 49. b4 c4 50. e4 fxe4 51. fxe4 d4 52. e5 Ne8 53. Re4 d3 54. Rxc4 Rd5
55. Re4 Kg7 56. Re3 d2 57. Re2 Kf7 58. Rdxd2 Rxd2 59. Rxd2 Ke6 60. Kh4 1-0

[Event "44th Sparkassen Open"]
[Site "Dortmund GER"]
[Date "2016.07.13"]
[Round "5.8"]
[White "Pollmueller, Michael"]
[Black "Schmittdiel, Eckhard"]
[Result "0-1"]
[BlackTitle "GM"]
[WhiteElo "2076"]
[BlackElo "2449"]
[WhiteFideId "16208749"]
[BlackFideId "4600096"]
[EventDate "2016.07.09"]

1. d4 c5 2. d5 d6 3. Nf3 g6 4. c4 Bg7 5. g3 e5 6. dxe6 Bxe6 7. Na3 Nf6 8. Bg2
O-O 9. O-O Nc6 10. Ng5 Bf5 11. e4 Bc8 12. f3 a6 13. Re1 Re8 14. Nh3 h6 15. Rb1
g5 16. Nf2 Nb4 17. Nc2 Nxa2 18. Bd2 Be6 19. Qe2 a5 20. Red1 Qb6 21. Bf1 d5 22.
cxd5 Bxd5 23. Be3 Bb3 24. Rd2 Nb4 25. Na3 Red8 26. Qb5 Qxb5 27. Bxb5 Rxd2 28.
Bxd2 Rd8 29. Be3 b6 30. Kf1 Ne8 31. Bc4 a4 32. h4 Nc2 33. Nxc2 Bxc4+ 34. Ke1
gxh4 35. gxh4 Bb3 36. Na3 Nc7 37. Nh3 Ne6 38. Nf4 Nd4 39. Kf2 Kh7 40. Nh5 Bh8
41. Ng3 Nc2 42. Bf4 Nxa3 43. bxa3 c4 44. e5 c3 45. Re1 c2 46. Ne4 Rd1 47. Nf6+
Kg6 48. Bc1 Kf5 49. Ng4 h5 50. Ne3+ Ke6 51. f4 Rxe1 52. Kxe1 f6 53. Kd2 fxe5 54.
fxe5 Bxe5 55. Nxc2 Bxc2 56. Kxc2 Bf6 57. Be3 b5 58. Bf2 Kf5 59. Kd3 Be7 60. Kd4
Bxa3 61. Kd5 Be7 62. Kc6 a3 0-1

[Event "44th Sparkassen Open"]
[Site "Dortmund GER"]
[Date "2016.07.13"]
[Round "5.9"]
[White "Steinle, Carsten"]
[Black "Lupor, Stefan"]
[Result "0-1"]
[BlackTitle "FM"]
[WhiteElo "2141"]
[BlackElo "2310"]
[WhiteFideId "24676462"]
[BlackFideId "4685806"]
[EventDate "2016.07.09"]

1. Nf3 Nf6 2. d4 g6 3. g3 Bg7 4. Bg2 d5 5. O-O O-O 6. Bf4 c5 7. Nc3 cxd4 8. Nxd4
Nh5 9. Bc1 Nc6 10. Nb3 d4 11. Ne4 Qc7 12. Bd2 Rd8 13. Qc1 Bd7 14. Bh6 Bh8 15.
Qg5 Nf6 16. Qh4 Nxe4 17. Bxe4 Qe5 18. Qf4 Be8 19. Rfd1 Rac8 20. Qf3 Qf6 21. Qg2
b6 22. h4 Qe5 23. Bf4 Qb5 24. a4 Qxe2 25. Rd2 Qc4 26. h5 Na5 27. hxg6 hxg6 28.
Nxa5 bxa5 29. b3 Qc5 30. Re1 Bf6 31. Qh3 Bc6 32. Qh6 Bxe4 33. Rxe4 e5 34. Bg5
Qe7 35. Rh4 Rd5 36. Re2 Qd6 37. f4 d3 38. fxe5 dxe2 39. Qh7+ Kf8 40. Bh6+ Ke8
41. Re4 0-1

[Event "44th Sparkassen Open"]
[Site "Dortmund GER"]
[Date "2016.07.13"]
[Round "5.10"]
[White "Korten, Lando"]
[Black "Torres-Kuckel, Rafael"]
[Result "1-0"]
[BlackTitle "FM"]
[WhiteElo "2000"]
[BlackElo "2191"]
[WhiteFideId "12989606"]
[BlackFideId "4625072"]
[EventDate "2016.07.09"]

1. d4 Nf6 2. c4 e6 3. Nc3 Bb4 4. e3 b6 5. Ne2 c5 6. a3 Ba5 7. Bd2 O-O 8. Rb1
Bxc3 9. Nxc3 cxd4 10. exd4 Bb7 11. Bd3 d5 12. cxd5 exd5 13. O-O Ne4 14. Bf4 Nxc3
15. bxc3 Ba6 16. Bc2 Bxf1 17. Qxf1 Nc6 18. Qd3 g6 19. Qg3 Rc8 20. Bf5 Re8 21.
Bxc8 Qxc8 22. h3 Na5 23. Rb5 Qc6 24. a4 a6 25. Rb4 Nc4 26. Kh2 f6 27. Bh6 Nd6
28. Rb3 Nc4 29. Rb4 Nd6 30. Rb3 Nf5 31. Qf4 Re4 32. Qb8+ Re8 33. Qxb6 Qxb6 34.
Rxb6 Nxh6 35. Rxf6 Nf5 36. Rxa6 Rc8 37. g4 Ne7 38. Rb6 Rxc3 39. a5 Ra3 40. Ra6
Kf7 41. Kg2 Ra4 42. Kf3 Rxd4 43. Ra7 Ra4 44. Rb7 Ke6 45. Ke3 h6 46. f4 Ra3+ 47.
Kd2 d4 48. h4 h5 49. f5+ gxf5 50. gxh5 Nc6 51. h6 Ne5 52. h7 Ra2+ 53. Kc1 d3 54.
h8=Q 1-0

[Event "44th Sparkassen Open"]
[Site "Dortmund GER"]
[Date "2016.07.13"]
[Round "5.11"]
[White "Winkel, Peter"]
[Black "Ciornei, Dragos"]
[Result "1/2-1/2"]
[WhiteElo "2038"]
[BlackElo "2183"]
[WhiteFideId "12954756"]
[BlackFideId "4619200"]
[EventDate "2016.07.09"]

1. e4 e5 2. Nf3 Nc6 3. Bb5 a6 4. Ba4 Nf6 5. O-O b5 6. Bb3 Bc5 7. a4 Rb8 8. c3 d6
9. d4 Bb6 10. Na3 O-O 11. axb5 axb5 12. Nxb5 Bg4 13. Bc2 Bxf3 14. gxf3 Nh5 15.
f4 Nxf4 16. Bxf4 exf4 17. Qg4 Qf6 18. Kh1 Ne7 19. Ra6 Ng6 1/2-1/2

[Event "44th Sparkassen Open"]
[Site "Dortmund GER"]
[Date "2016.07.13"]
[Round "5.12"]
[White "Liard, Thibaud"]
[Black "Lewin, Tammo"]
[Result "1-0"]
[WhiteElo "2183"]
[BlackElo "2041"]
[WhiteFideId "649775"]
[BlackFideId "4668596"]
[EventDate "2016.07.09"]

1. d4 d5 2. Nf3 e6 3. c4 c6 4. Qc2 f5 5. g3 Nf6 6. Bg2 Be7 7. O-O O-O 8. Nbd2
Ne4 9. Ne5 b6 10. b3 Bb7 11. Bb2 Nd7 12. Nxe4 dxe4 13. Nxd7 Qxd7 14. c5 Bg5 15.
f3 exf3 16. Bxf3 Be3+ 17. Kg2 g5 18. Qc3 Bxd4 19. Qxd4 Qxd4 20. Bxd4 g4 21. cxb6
gxf3+ 22. exf3 Rfd8 23. Rfd1 axb6 24. Bxb6 Rxd1 25. Rxd1 Rxa2+ 26. Kh3 Ba6 27.
Kh4 Be2 28. Rd7 Bxf3 29. Kg5 Rxh2 30. Kf6 Rh6+ 31. Ke7 Kg7 32. Rd8 Bd5 33. Bd4+
Kg6 34. Be3 Kh5 35. Bxh6 Kxh6 36. b4 Kg7 37. Kd6 Kf6 38. Rh8 Kg7 39. Rc8 Kf6 40.
Rc7 h5 41. Rh7 Kg5 42. Rg7+ Kf6 43. Rg8 e5 44. Rf8+ Bf7 45. Kxc6 e4 46. Kc5 e3
47. Ra8 Ke5 48. b5 h4 49. b6 e2 50. Ra1 Bd5 51. Re1 Bf3 52. gxh4 Kf4 53. Rxe2
Kg4 54. Rh2 Kg3 55. h5 1-0

[Event "44th Sparkassen Open"]
[Site "Dortmund GER"]
[Date "2016.07.13"]
[Round "5.13"]
[White "Dette, Jan"]
[Black "Podzielny, Karl-Heinz"]
[Result "0-1"]
[BlackTitle "IM"]
[WhiteElo "2015"]
[BlackElo "2400"]
[WhiteFideId "12936677"]
[BlackFideId "4600215"]
[EventDate "2016.07.09"]

1. e4 c5 2. d4 cxd4 3. c3 d3 4. Bxd3 Nc6 5. Nf3 g6 6. O-O Bg7 7. Qe2 d6 8. h3
Nf6 9. Be3 O-O 10. Nbd2 Qc7 11. Nd4 Ne5 12. Bc2 a6 13. f4 Ned7 14. f5 b6 15. Qf2
Bb7 16. Qh4 Ne5 17. N2f3 b5 18. Bh6 Nxf3+ 19. Rxf3 Qc5 20. Be3 Qc7 21. Re1 b4
22. Bh6 bxc3 23. bxc3 Bxh6 24. Qxh6 Qc5 25. Kh1 Qe5 26. fxg6 fxg6 27. Nf5 Nd7
28. Qg5 Rf6 29. Nh6+ Kg7 30. Qxe5 Nxe5 31. Rxf6 Kxf6 32. Rb1 Bc8 33. Bd1 Ra7 34.
Rb8 Be6 35. Bb3 Rc7 36. Ng8+ Bxg8 37. Bxg8 Rxc3 38. Bxh7 Rc4 39. Bg8 Rxe4 40.
Rb6 a5 41. Kh2 g5 42. Rb2 Nd3 43. Rd2 Nf4 44. Bh7 Re2 45. Rxe2 Nxe2 46. g3 Nc3
47. a3 e5 48. Kg2 d5 49. Bc2 e4 50. h4 gxh4 51. gxh4 d4 0-1

[Event "44th Sparkassen Open"]
[Site "Dortmund GER"]
[Date "2016.07.13"]
[Round "5.14"]
[White "Schmitz, Edgar"]
[Black "Wickenfeld, Stefan"]
[Result "0-1"]
[WhiteElo "1981"]
[BlackElo "2231"]
[WhiteFideId "24675270"]
[BlackFideId "4622790"]
[EventDate "2016.07.09"]

1. e4 c5 2. Nf3 d6 3. Bb5+ Nd7 4. c3 Nf6 5. Bd3 g6 6. O-O Bg7 7. Bc2 c4 8. Qe2
Qc7 9. Na3 Nb6 10. d3 cxd3 11. Bxd3 a6 12. Nc2 O-O 13. Ne3 Na4 14. Nd5 Nxd5 15.
exd5 Re8 16. Bc2 Nc5 17. Ng5 b5 18. Qf3 Bf6 19. Ne4 Nxe4 20. Bxe4 Bb7 21. Bh6
Rac8 22. Rac1 Qc4 23. b3 Qc5 24. c4 Qa3 25. cxb5 axb5 26. Bb1 Rc5 27. Rxc5 Qxc5
28. Rd1 b4 29. h3 Bc3 30. Qd3 Qa5 31. Bg5 Ba6 32. Qf3 Bb7 33. Qd3 Qa6 34. Qe4
Qb5 35. Bd3 Qa5 36. Bb1 e6 37. Qf4 Be5 38. Qd2 Bxd5 39. h4 Qa8 40. f4 Bg7 41. h5
Qc6 42. Qe2 Rc8 43. Kh2 Qc3 44. Be7 Bf8 45. Bh4 Bh6 46. Bg3 Qf6 47. Qg4 Rc3 48.
Rf1 Qg7 49. hxg6 hxg6 50. Qh4 Qh8 51. f5 gxf5 52. Bxd6 Rc1 0-1

[Event "44th Sparkassen Open"]
[Site "Dortmund GER"]
[Date "2016.07.13"]
[Round "5.15"]
[White "Heldt, Maximilian"]
[Black "Boehm, Juergen2"]
[Result "0-1"]
[WhiteElo "1975"]
[BlackElo "2176"]
[WhiteFideId "12952346"]
[BlackFideId "4606434"]
[EventDate "2016.07.09"]

1. e4 e6 2. d4 d5 3. Nc3 Bb4 4. a3 Bxc3+ 5. bxc3 dxe4 6. Qg4 Nf6 7. Qxg7 Rg8 8.
Qh6 Nbd7 9. Ne2 b6 10. Ng3 Bb7 11. Be2 Qe7 12. a4 Rg6 13. Qd2 e3 14. Qxe3 Bxg2
15. Rg1 Bb7 16. c4 Ng4 17. Bxg4 Rxg4 18. h3 Rg6 19. c3 O-O-O 20. a5 Qh4 21. axb6
axb6 22. Ne2 Rxg1+ 23. Nxg1 Rg8 24. Ne2 Qh5 25. Bb2 Qf5 26. O-O-O Ba6 27. d5
Bxc4 28. dxe6 Qxe6 29. Qxe6 fxe6 30. Nf4 Rf8 31. Rd4 b5 32. Ba3 c5 33. Re4 e5
34. Ne2 Rxf2 35. Kd2 Kc7 36. Ke1 Rxe2+ 0-1

[Event "44th Sparkassen Open"]
[Site "Dortmund GER"]
[Date "2016.07.13"]
[Round "5.16"]
[White "Stemmler, Fabian"]
[Black "Heinert, Eugen"]
[Result "0-1"]
[WhiteElo "1931"]
[BlackElo "2171"]
[WhiteFideId "12964808"]
[BlackFideId "24621390"]
[EventDate "2016.07.09"]

1. e4 e6 2. d4 d5 3. Nd2 Nf6 4. e5 Nfd7 5. Bd3 c5 6. c3 Nc6 7. Ne2 cxd4 8. cxd4
f6 9. exf6 Nxf6 10. O-O Bd6 11. Nf3 Qc7 12. Nc3 a6 13. Bd2 O-O 14. Rc1 Bd7 15.
Re1 Rae8 16. h3 Re7 17. Bb1 Qb8 18. Na4 Be8 19. Nc5 Bh5 20. Bc3 Bxf3 21. gxf3
Qe8 22. Qd3 Qh5 23. Qf1 Bxc5 24. dxc5 d4 25. Bd2 Ne5 26. Rxe5 Qxe5 27. c6 b5 28.
Bb4 Rc7 29. Bxf8 Kxf8 30. Qd1 Qd5 31. Kh2 Ke7 32. Qd2 e5 33. Qg5 Kf7 34. Re1
Rxc6 35. Be4 Nxe4 36. Qh5+ Rg6 37. Rxe4 Kg8 38. Rxe5 Qd6 39. f4 h6 40. Qf5 d3
41. Rd5 Qb6 42. Qc8+ Kh7 43. Qc5 Qxc5 44. Rxc5 Rd6 45. Rc1 Kg6 46. Kg2 Kf5 47.
Kf3 d2 48. Rd1 h5 49. Ke3 h4 50. Kf3 Rd4 51. Ke3 Re4+ 52. Kd3 Re6 53. Rxd2 Rd6+
54. Ke3 Rxd2 55. Kxd2 Kxf4 56. Ke2 g5 57. b3 g4 58. hxg4 Kxg4 59. Kf1 Kf3 60.
Kg1 b4 61. Kf1 h3 62. Kg1 a5 63. Kh2 Kxf2 64. Kxh3 Ke3 65. Kg3 Kd3 0-1

[Event "44th Sparkassen Open"]
[Site "Dortmund GER"]
[Date "2016.07.13"]
[Round "5.17"]
[White "Kruse, Janik"]
[Black "Knudsen, Martin"]
[Result "1-0"]
[WhiteElo "2153"]
[BlackElo "2018"]
[WhiteFideId "16200250"]
[BlackFideId "1406523"]
[EventDate "2016.07.09"]

1. e4 c6 2. d4 d5 3. e5 c5 4. dxc5 e6 5. a3 Qc7 6. Nf3 Bxc5 7. b4 Bb6 8. Bb2 Ne7
9. Bd3 Nbc6 10. O-O Ng6 11. Re1 Bd7 12. Nbd2 O-O 13. c4 a6 14. Rc1 Qd8 15. Bb1
Rc8 16. Qb3 Nce7 17. Rcd1 Qe8 18. Rc1 Ba4 19. Qc3 dxc4 20. Nxc4 Bb5 21. Nfd2 Bc7
22. Qf3 Nd5 23. Bd4 Qd7 24. Bc5 Rfd8 25. Nd6 Nxe5 26. Qh3 Bxd6 27. Qxh7+ Kf8 28.
Bxd6+ Qxd6 29. Rxc8 Rxc8 30. Qh8+ Ke7 31. Qxc8 Qc6 32. Qxc6 Nxc6 33. Ne4 Nd4 34.
f3 f5 35. Nd2 Kf6 36. Kf2 Nc3 37. Rc1 Nde2 38. Re1 Nd4 39. Nf1 g6 40. Nd2 e5 41.
h4 b6 42. Rh1 a5 43. h5 gxh5 44. bxa5 bxa5 45. Rxh5 Nxb1 46. Nxb1 Bd3 47. Nc3
Nb5 48. Ke3 Bc4 49. Nxb5 Bxb5 50. g3 a4 51. Rh8 Bc6 52. Rh6+ 1-0

[Event "44th Sparkassen Open"]
[Site "Dortmund GER"]
[Date "2016.07.13"]
[Round "5.18"]
[White "Rott, Georg"]
[Black "Klueting, Reiner"]
[Result "1-0"]
[WhiteElo "2139"]
[BlackElo "1907"]
[WhiteFideId "4633393"]
[BlackFideId "4644760"]
[EventDate "2016.07.09"]

1. e4 Nf6 2. e5 Nd5 3. d4 d6 4. Bc4 Nb6 5. Bb3 Bf5 6. Qf3 Qd7 7. g4 Bg6 8. Ne2
Nc6 9. Bf4 e6 10. Nbc3 O-O-O 11. O-O-O Na5 12. Ng3 Nxb3+ 13. axb3 d5 14. h4 h6
15. h5 Bh7 16. g5 hxg5 17. Bxg5 Be7 18. Bxe7 Qxe7 19. Qg4 f6 20. Rde1 f5 21. Qf4
g5 22. hxg6 Bxg6 23. Rh6 Rxh6 24. Qxh6 Qh7 25. Rh1 Qxh6+ 26. Rxh6 Rg8 27. Nce2
Nd7 28. Nf4 Nf8 29. Kd2 Kd7 30. c4 c6 31. Kc3 Bf7 32. b4 Rg4 33. Nge2 Ng6 34.
Nxg6 Rxg6 35. Rxg6 Bxg6 36. b5 Bh5 37. Nf4 Bf3 38. bxc6+ bxc6 39. c5 Bd1 40. Kb4
Bc2 41. Ka5 1-0

[Event "44th Sparkassen Open"]
[Site "Dortmund GER"]
[Date "2016.07.13"]
[Round "5.19"]
[White "Savchenko, Daniel"]
[Black "Koellner, Christof"]
[Result "0-1"]
[WhiteElo "1942"]
[BlackElo "2133"]
[WhiteFideId "12919195"]
[BlackFideId "4635787"]
[EventDate "2016.07.09"]

1. e4 d6 2. Nc3 e5 3. Nf3 Nf6 4. d4 Nbd7 5. Be2 Be7 6. g4 Nxg4 7. Rg1 exd4 8.
Nxd4 Nge5 9. Nf5 Bf6 10. Rxg7 Nb6 11. Rg1 Bxf5 12. exf5 d5 13. a4 c6 14. Bd3 Qe7
15. Kf1 O-O-O 16. Ne2 Nbc4 17. c3 Nxd3 18. Qxd3 Rde8 19. Bf4 Nxb2 20. Qc2 Nc4
21. a5 Qe4 22. Qxe4 Rxe4 23. f3 Ree8 24. Kf2 Rhg8 25. a6 Rxg1 26. axb7+ Kxb7 27.
Rxg1 c5 28. Bg5 Be5 29. Bf4 a5 30. Bxe5 Rxe5 31. Rg7 Rxf5 32. Ng3 Rf6 33. Nh5
Rh6 34. Rxf7+ Kc6 35. Nf4 Rxh2+ 36. Kg3 Rh6 37. Ra7 Kb6 38. Ra8 Rd6 39. Rb8+ Kc7
40. Rb1 a4 41. Rd1 Kc6 42. Rh1 h6 43. Kf2 a3 44. Ke2 Kb5 45. Rd1 Nb2 46. Ra1 Ka4
47. Kd2 Kb3 0-1

[Event "44th Sparkassen Open"]
[Site "Dortmund GER"]
[Date "2016.07.13"]
[Round "5.20"]
[White "Eckardt, Joshua"]
[Black "Brockhaus, Philip"]
[Result "1-0"]
[WhiteElo "2133"]
[BlackElo "1881"]
[WhiteFideId "12941646"]
[BlackFideId "12954721"]
[EventDate "2016.07.09"]

1. d4 d5 2. c4 e6 3. Nf3 Nf6 4. g3 dxc4 5. Bg2 Bb4+ 6. Bd2 c5 7. Bxb4 cxb4 8.
Ne5 O-O 9. Nxc4 Nc6 10. e3 e5 11. d5 b5 12. dxc6 Qxd1+ 13. Kxd1 bxc4 14. a3 Bg4+
15. Kc1 a5 16. h3 Be2 17. Nd2 Bd3 18. Rd1 b3 19. g4 Rad8 20. g5 Nd5 21. Nxb3
Nxe3 22. fxe3 cxb3 23. h4 Bb5 24. a4 Bc4 25. Ra3 Rfe8 26. Rxd8 Rxd8 27. Bh3 Be6
28. Bxe6 fxe6 29. Rxb3 Rc8 30. Rc3 Kf7 31. Kc2 e4 32. b4 axb4 33. Rc4 Ke7 34.
Kb3 Kd6 35. c7 1-0